ARANOR : Norma Aragonesa para la Descripción de Autoridades de Archivos / Grupo de Trabajo de Autoridades de Aragón Norma Aragonesa para la Descripción de Autoridades de Archivos / Grupo de Trabajo de Autoridades de Aragón
MARC
| LEADER | 00000nam a2200000Ia 4500 | ||
|---|---|---|---|
| 001 | 20642 | ||
| 003 | BGR | ||
| 005 | 20260324175714.0 | ||
| 008 | 160829s2008 xx 000 0 cat d | ||
| 020 | |a 978-84-7753-964-3 | ||
| 080 | |a A-2-322 | ||
| 110 | 2 | |a Grupo de Trabajo de Autoridades de Aragón (GTAA) |9 71015 | |
| 245 | |a ARANOR : |b Norma Aragonesa para la Descripción de Autoridades de Archivos / Grupo de Trabajo de Autoridades de Aragón | ||
| 260 | |a Zaragoza : |b Gobierno de Aragón. Departamento de Educación, Cultura y Deporte, |c 2008 | ||
| 300 | |a 227 p. ; |c 24 cm + 1 CD-Rom | ||
| 490 | |a Archivos de Aragón. Manuales ; 9 | ||
| 650 | |a Catàlegs d'autoritats (Recuperació de la informació) |x Normes |x Aragó |9 38556 | ||
| 650 | |a Descripció arxivística codificada (Definició de tipus de document) |x Normes |x Aragó |9 38557 | ||
| 650 | |a Catalogació de material d'arxiu |x Normes |x Aragó I |9 38558 | ||
| 650 | |a Registres d'autoritat de nom (Recuperació de la informació) |x Normes |x Aragó |9 38559 | ||
| 710 | 2 | |a Aragó. |b Departamento de Educación, Cultura y Deporte |9 55585 | |
| 901 | |a Arxiu | ||
| 942 | |n 1 |2 udc |c MON | ||
| 952 | |0 0 |1 0 |4 0 |6 A2322 |7 1 |9 48470 |a Arxiu |b Arxiu |d 2016-12-01 |l 0 |o A-2-322 |p 20642 |r 2016-12-01 00:00:00 |w 2016-12-01 |y ARXIU | ||
| 999 | |c 52299 |d 52299 | ||